000 00797nam a22001935i 4500
001 162673
003 ES-MaACL
005 20230906212558.0
008 940301s1878 sp |||| | spa d
040 _aCAM
_bspa
130 0 _aBiblia.
_pA.T.
_pLibros sapienciales.
_lEspañol.
_9119270
245 1 4 _aLos libros sapienciales puestos en verso castellano /
_cpor Fermín de la Puente y Apezechea ; con otras varias poesías del mismo.
260 _aMadrid :
_b[s.n.],
_c1878 (
_fImp. y Fundición de M. Tello)
300 _aXIII, 435 p., [1] h. de lám. ;
_c22 cm.
505 8 _aContiene: Sonetos y poesías varias, p. 381-426
599 _aLa h. de lám.: "Martínez 1876", retr. del autor.
700 0 _aPuente y Apezechea, Fermín de la.
_994165
852 _aES-MaACL
_jG-8877
_z-- Enc. hol.
999 _c162673
_d162673